Prisionero de estado o La corte de Luis XIV : (Record no. 152764)

MARC details
000 -LEADER
campo de control de longitud fija 00827nam a2200193 i 4500
001 - NÚMERO DE CONTROL
campo de control 152764
003 - IDENTIFICADOR DE NÚMERO DE CONTROL
campo de control ES-MaACL
005 - FECHA Y HORA DE LA ÚLTIMA TRANSACCIÓN
campo de control 20250824054730.0
008 - DATOS DE LONGITUD FIJA--INFORMACIÓN GENERAL
campo de control de longitud fija 160727s1912 sp |||| | spa d
100 1# - ENTRADA PRINCIPAL--NOMBRE DE PERSONA
Nombre de persona Mundet Álvarez, A.
9 (RLIN) 160218
245 10 - MENCIÓN DEL TÍTULO
Título Prisionero de estado o La corte de Luis XIV :
Resto del título drama histórico en siete actos y nueve cuadros /
Mención de responsabilidad, etc. original de A. Mundet Alvarez, José Mª Pous.
260 ## - PUBLICACIÓN, DISTRIBUCIÓN, ETC.
Lugar de publicación, distribución, etc. Madrid :
Nombre del editor, distribuidor, etc. Sociedad de Autores Españoles,
Fecha de publicación, distribución, etc. 1912 (
Lugar de fabricación/manufactura Barcelona :
Fabricante Estab. Tip. de Félix Costa)
300 ## - DESCRIPCIÓN FÍSICA
Extensión 82 p. ;
Dimensiones 19 cm.
490 1# - MENCIÓN DE SERIE
Mención de serie Biblioteca Teatro mundial
700 1# - ENTRADA AGREGADA--NOMBRE PERSONAL
Nombre de persona Pous, José María.
9 (RLIN) 160219
830 00 - PUNTO DE ACCESO ADICIONAL DE SERIE-TÍTULO UNIFORME
Título uniforme Biblioteca teatro mundial (Sociedad de Autores Españoles)
9 (RLIN) 187731
852 ## - LOCALIZACIÓN
Ubicación ES-MaACL
Número de control de estantería D-1760(2)
Nota libre -- Enc. hol.
-- -- Legado de Modesto de la Fuente
Holdings
Estatus retirado Estado de pérdida Estado de daño No para préstamo Biblioteca de origen Biblioteca actual Ubicación en estantería Fecha de adquisición Fuente de adquisición Total de préstamos Signatura topográfica completa Código de barras Visto por última vez Precio de reemplazo Tipo de ítem Koha
        Biblioteca del Ateneo de Madrid Biblioteca del Ateneo de Madrid Sala Valle Inclán 27/07/2016     D-1760(2) 901195648 23/02/2023 23/02/2023 Libro impreso